LEADER 01552nam 2200373 450 001 000007984 005 20050718115300.0 100 $a20010326d1993----km-y0itay0103----ba 101 0 $aita 102 $aIT 200 1 $aElementi di economia politica agraria$eteoria della produzione, della distribuzione e del ruolo dell'agricoltura$fGiancarlo Di Sandro 210 $aBologna$cCLUEB$dc1993 215 $a414 p.$d24 cm. 606 $aEconomia agraria 676 $a338.18$v(20. ed.)$9Produzione. Politiche agrarie governative 700 1$aDi Sandro,$bGiancarlo$071207 801 0$aIT$bUniversità della Basilicata - B.I.A.$gRICA$2unimarc 912 $a000007984 996 $aElementi di economia politica agraria$975081 997 $aUNIBAS BAS $aMONAGR BAS $aMONOGR BAS $aAGRARIA CAT $aTORRE$b20$c20010326$lBAS01$h1622 CAT $aTORRE$b20$c20010328$lBAS01$h1651 CAT $c20050601$lBAS01$h1754 CAT $abatch$b01$c20050718$lBAS01$h1049 CAT $c20050718$lBAS01$h1108 CAT $c20050718$lBAS01$h1138 CAT $c20050718$lBAS01$h1153 FMT Z30 -1$lBAS01$LBAS01$mBOOK$1BASA2$APolo Tecnico-Scientifico$2DID$BDidattica$3PTS.s2.p25.4$681730$5A81730$820010327$f98$FConsultazione Z30 -1$lBAS01$LBAS01$mBOOK$1BASA2$APolo Tecnico-Scientifico$2DID$BDidattica$3PTS.s2.p25.4A$682113$5A82113$820010327$f04$FPrestabile Didattica Z30 -1$lBAS01$LBAS01$mBOOK$1BASA2$APolo Tecnico-Scientifico$2DID$BDidattica$3PTS.s2.p25.4B$681729$5A81729$820010326$f04$FPrestabile Didattica